Perspectivas actuales de las libertades de opinin̤, expresin̤ e informacin̤

Bibliographic Details
Main Author: Barranco Avilš, M® del Carmen
Other Authors: Abad Castelos, Montserrat, Llamazares Calzadilla, M® Cruz
Format: eBook
Language:Spanish
Published: Madrid: Dykinson, 2015
Subjects:
Online Access:Acceso restringido

MARC

LEADER 00000nam a22000007a 4500
005 20150812225348.0
007 cr|||| ||||
008 150812s2015 es |||||s|||| 00||0 spa d
020 |a 978-84-9085-380-1 
035 |a 12812 
040 |a vLex 
090 |c 5529  |d 5529 
100 1 |a Barranco Avilš, M® del Carmen 
245 1 0 |a Perspectivas actuales de las libertades de opinin̤, expresin̤ e informacin̤  |h [Recurso electrn̤ico] /  |c M® del Carmen Barranco Avilš, Montserrat Abad Castelos, M® Cruz Llamazares Calzadilla 
256 |a Servicio en ln̕ea 
260 |a Madrid:  |b Dykinson,  |c 2015 
300 |a 1 recurso electrn̤ico 
506 1 |a Disponible solo en los productos indicados  |d vLex Global  |d vLex Global (Academic Edition, excluding Law Schools)  |d vLex Global (U.S. Academic Edition, Law Schools)  |d vLex Global (U.S. Academic Edition, excluding Law Schools)  |d vLex Global (Academic Edition, Law Schools) 
650 0 4 |a Derecho Constitucional  |z Espaą 
700 1 |a Abad Castelos, Montserrat 
700 1 |a Llamazares Calzadilla, M® Cruz 
740 0 |a vLex Libros (Servicio en ln̕ea) 
856 4 0 |u http://vlex.com/source/perspectivas-actuales-libertades-opinion-expresion-informacion-12812  |z Acceso restringido 
942 |c BOOK 
999 0 |a Constitutional Law